Todas las tardes de sol /
Martín Blasco cuenta las primeras vacaciones en solitario de Damián, un adolescente apasionado por la música. Una distracción o quizás el destino lo cruzan con Julia. Luego de un verano lleno de sol quedan en contacto y al volver a sus casas forman una banda, a la que se suma la fría y distante An...
Guardado en:
| Autor Principal: | |
|---|---|
| Formato: | Libro |
| Idioma: | Undetermined |
| Publicado: |
Buenos Aires :
Santillana,
2023.
|
| Edición: | 1a ed. |
| Series: | Identidades bonaerenses
Loqueleo |
| Materias: | |
| Etiquetas: |
Agregar Etiqueta
Sin Etiquetas, Sea el primero en etiquetar este registro!
|
| LEADER | 01593nam a22002895a 4500 | ||
|---|---|---|---|
| 001 | CEM.cems024773 | ||
| 008 | 250704s2023####ag############000#0#und#d | ||
| 005 | 20250818074657.0 | ||
| 245 | 1 | 0 | |a Todas las tardes de sol / |c Martín Blasco. |
| 250 | |a 1a ed. | ||
| 260 | |a Buenos Aires : |b Santillana, |c 2023. | ||
| 300 | |a 117 p. | ||
| 490 | 1 | |a Identidades bonaerenses | |
| 490 | 1 | |a Loqueleo | |
| 500 | |a Edición especial de la Dirección de Cultura y Educación de la Provincia de Buenos Aires. | ||
| 500 | |a Sugerencia de edad: a partir de ciclo básico. | ||
| 520 | |a Martín Blasco cuenta las primeras vacaciones en solitario de Damián, un adolescente apasionado por la música. Una distracción o quizás el destino lo cruzan con Julia. Luego de un verano lleno de sol quedan en contacto y al volver a sus casas forman una banda, a la que se suma la fría y distante Ana, tercera integrante de este triángulo amoroso y musical. La música es el eje que atraviesa la novela: a partir de ella se entrelazan el despertar del amor, la amistad y la búsqueda de la vocación. | ||
| 020 | |a 9789504671428 | ||
| 100 | 1 | |a Blasco, Martín. | |
| 653 | |a Narrativa argentina | ||
| 653 | |a Literatura argentina | ||
| 653 | |a Literatura infantil y juvenil | ||
| 653 | |a Identidades bonaerenses | ||
| 859 | |a CEMS |b BIB. CEMS - Agricultura |h A863.4 |i B612 |p A3950.25 |t Ej.1 | ||
| 859 | |a CEMS |b BIB. CEMS - Ccias. Educacion |h A863.4 |i B612 |k CE |p 30087.25 |t Ej.1 | ||
| 859 | |a CEMS |b BIB. CEMS - 11 de abril |h A863.4 |i B612-1 |p 30085.25 |t Ej.1 | ||
| 859 | |a CEMS |b BIB. CEMS - 11 de abril |h A863.4 |i B612-1 |p 30086.25 |t Ej.2 | ||
